Library Banner

Cost accounting (Record no. 83486)

MARC details
000 -LEADER
fixed length control field 00581nam a2200217Ia 4500
001 - CONTROL NUMBER
control field 71093
008 - FIXED-LENGTH DATA ELEMENTS--GENERAL INFORMATION
fixed length control field 160226s9999 xx 000 0 und d
020 ## - INTERNATIONAL STANDARD BOOK NUMBER
International Standard Book Number 9781292018225
040 ## - CATALOGING SOURCE
Transcribing agency PK-LaUMT
082 ## - DEWEY DECIMAL CLASSIFICATION NUMBER
Classification number 657.42
Item number HOR-C
100 ## - MAIN ENTRY--PERSONAL NAME
Personal name Horngren, Charles T.
245 ## - TITLE STATEMENT
Title Cost accounting
Remainder of title a managerial emphasis
Statement of responsibility, etc Horngren, Charles T.|Datar, Srikant M.|Rajan, Madhav V.
250 ## - EDITION STATEMENT
Edition statement 15th
260 ## - PUBLICATION, DISTRIBUTION, ETC. (IMPRINT)
Place of publication, distribution, etc Boston,USA:
Name of publisher, distributor, etc Pearson,
Date of publication, distribution, etc 2015
300 ## - PHYSICAL DESCRIPTION
Extent 960 p.
546 ## - LANGUAGE NOTE
Language note EN
650 ## - SUBJECT ADDED ENTRY--TOPICAL TERM
Topical term or geographic name as entry element Accounting
700 ## - ADDED ENTRY--PERSONAL NAME
Personal name Datar, Srikant M.
700 ## - ADDED ENTRY--PERSONAL NAME
Personal name Rajan, Madhav V.
942 ## - ADDED ENTRY ELEMENTS (KOHA)
Koha item type Books
Holdings
Withdrawn status Lost status Damaged status Not for loan Home library Current library Date acquired Total Checkouts Full call number Barcode Checked out Date last seen Date checked out Price effective from Koha item type
        UMT Main Campus UMT Main Campus 2016-02-26 1 657.42 HOR-C 97781 2019-12-09 2019-11-25 2019-11-25 2016-02-26 Books